Introduction to network secutity
Đã lưu trong:
| 主要作者: | |
|---|---|
| 格式: | 图书 |
| 语言: | Undetermined |
| 出版: |
Boston, MA.
Charles River Media
2007
|
| 主题: | |
| 标签: |
添加标签
没有标签, 成为第一个标记此记录!
|
| Thư viện lưu trữ: | Trung tâm Học liệu Trường Đại học Cần Thơ |
|---|
| LEADER | 00546nam a2200193Ia 4500 | ||
|---|---|---|---|
| 001 | CTU_214450 | ||
| 008 | 210402s9999 xx 000 0 und d | ||
| 082 | |a 005.8 | ||
| 082 | |b K91 | ||
| 100 | |a Krawetz, Neal | ||
| 245 | 0 | |a Introduction to network secutity | |
| 245 | 0 | |c Neal Krawetz | |
| 260 | |a Boston, MA. | ||
| 260 | |b Charles River Media | ||
| 260 | |c 2007 | ||
| 650 | |a Computer networks,Computer network protocols | ||
| 650 | |x Security measures,Textbooks | ||
| 904 | |i Minh | ||
| 980 | |a Trung tâm Học liệu Trường Đại học Cần Thơ | ||